| 000 -CABECERA |
| Longitud fija campo de control |
00565nam a2200169 a 4500 |
| 001 - NÚMERO DE CONTROL |
| Número de control |
1585 |
| 003 - IDENTIFICADOR DEL NÚMERO DE CONTROL |
| Identificador del número de control |
CDMR |
| 005 - FECHA Y HORA DE LA ÚLTIMA TRANSACCIÓN |
| Fecha y hora de la última transacción |
20130405111202.0 |
| 008 - CÓDIGOS DE INFORMACIÓN DE LONGITUD FIJA |
| Códigos de información de longitud fija |
130130s1967||||||||||||||||||||||||||||d |
| 040 ## - FUENTE DE LA CATALOGACIÓN |
| Centro catalogador de origen |
CDMR |
| Lengua de catalogación |
cat |
| Centro transcriptor |
CDMR |
| 111 2# - PUNTO DE ACCESO PRINCIPAL-NOMBRE DE CONGRESO |
| Nombre de congreso o jurisdicción como elemento de entrada |
Semana Internacional de Estudios Superiores de Televisión |
| Sede del congreso |
León |
| Fecha del congreso |
1966 |
| Número del congreso o número de parte o sección de la obra |
1ª |
| 9 (RLIN) |
1189 |
| 245 10 - MENCIÓN DE TÍTULO |
| Título |
I Semana Internacional de Estudios Superiores de Televisión |
| Resto del título |
: León, julio 1966 |
| 260 ## - PUBLICACIÓN, DISTRIBUCIÓN, ETC. (PIE DE IMPRENTA) |
| Lugar de publicación, distribución, etc. |
Madrid |
| Fecha de publicación, distribución, etc. |
1967 |
| Nombre del editor, distribuidor, etc. |
Servicio de Formación de TVE |
| 300 ## - DESCRIPCIÓN FÍSICA |
| Extensión |
501 p ; |
| Dimensiones |
27 cm |
| 650 04 - PUNTO DE ACCESO ADICIONAL DE MATERIA - TÉRMINO DE MATERIA |
| 9 (RLIN) |
1190 |
| Término de materia o nombre geográfico como elemento inicial |
Televisió |
| Subdivisión de materia general |
Aspectes socials |
| 942 ## - ENTRADA DE ELEMENTOS AGREGADOS (KOHA) |
| Koha [por defecto] tipo de item |
Monografies |
| Fuente de clasificaión o esquema |
|